Hippias majeur, traduction et présentation par M.-F. Hazebroucq, Paris, Ellipses, 2004, 111 p. Hippias majeur et Hippias mineur, traductions et présentation par J.-F. Balaudé, Paris, Le Livre de poche, 2004, 319 p. (notice n° 1661606)

détails MARC
000 -LEADER
fixed length control field 01874cam a2200169 4500500
005 - DATE AND TIME OF LATEST TRANSACTION
control field 20260208024041.0
041 ## - LANGUAGE CODE
Language code of text/sound track or separate title fre
042 ## - AUTHENTICATION CODE
Authentication code dc
100 10 - MAIN ENTRY--PERSONAL NAME
Personal name Villanueva-Puig,
Relator term author
245 00 - TITLE STATEMENT
Title Hippias majeur, traduction et présentation par M.-F. Hazebroucq, Paris, Ellipses, 2004, 111 p. Hippias majeur et Hippias mineur, traductions et présentation par J.-F. Balaudé, Paris, Le Livre de poche, 2004, 319 p.
260 ## - PUBLICATION, DISTRIBUTION, ETC.
Date of publication, distribution, etc. 2005.<br/>
500 ## - GENERAL NOTE
General note 95
520 ## - SUMMARY, ETC.
Summary, etc. Où commence la philosophie ? Il s’agit là d’un problème que nous rencontrons au début de plusieurs grandes oeuvres philosophiques. Gilles Deleuze avance une solution dans le troisième chapitre de Différence et Répétition. Or si l’aspect formel de cette solution apparaît clairement, ce n’est pas tellement le cas de l’aspect matériel. Nous nous proposons d’éclaircir cette solution non seulement pour présenter de façon concrète la conception deleuzienne du commencement en philosophie mais surtout pour montrer comment cette conception renferme la clé pour déterminer la façon dont commence la philosophie deleuzienne elle-même.
520 ## - SUMMARY, ETC.
Summary, etc. Where does philosophy start? This is a problem we face at the beginning of several major philosophical works. In the chapter III of Difference and Repetition, Gilles Deleuze suggests an answer. If its formal aspect is clear, it’s not so much the case for the material one. We intend to clarify this answer not only to explain in an effective manner Deleuze’s idea of the beginning of philosophy, but also to show how this very conception holds the key to determine the way Deleuze’s own philosophy starts itself.
786 0# - DATA SOURCE ENTRY
Note Les Études philosophiques | 72 | 1 | 2005-03-01 | p. 117c-142c | 0014-2166
856 41 - ELECTRONIC LOCATION AND ACCESS
Uniform Resource Identifier <a href="https://shs.cairn.info/revue-les-etudes-philosophiques-2005-1-page-117c?lang=fr&redirect-ssocas=7080">https://shs.cairn.info/revue-les-etudes-philosophiques-2005-1-page-117c?lang=fr&redirect-ssocas=7080</a>

Pas d'exemplaire disponible.

PLUDOC

PLUDOC est la plateforme unique et centralisée de gestion des bibliothèques physiques et numériques de Guinée administré par le CEDUST. Elle est la plus grande base de données de ressources documentaires pour les Étudiants, Enseignants chercheurs et Chercheurs de Guinée.

Adresse

627 919 101/664 919 101

25 boulevard du commerce
Kaloum, Conakry, Guinée

Réseaux sociaux

Powered by Netsen Group @ 2025